| 000 | 00416nam a2200133Ia 4500 | ||
|---|---|---|---|
| 008 | 220216s9999 xx 000 0 und d | ||
| 100 | _aHo C Y | ||
| 245 | 0 | _aResponses of clones and seedlings to stimulation in large-scale variety trials | |
| 260 | _bProceedings of the RRIM Planters Conference, Kuala Lumpur, 1973; p101-121 | ||
| 650 | _aDRC latex | ||
| 700 | _aJeyathevan V | ||
| 700 | _aLeong Y S | ||
| 942 | _cJS | ||
| 999 |
_c66880 _d66880 |
||